01375cam a22003737a 4500003000500000005001700005008004100022010001000063011001000073020001500083035001000098040000900108082002100117110000800138245011100146260002400257300001100281490007900292590004100371590004100412590004100453590004200494650003400536700002400570700002200594700002400616830008600640901000700726905002300733942001000756949007900766999001700845952013900862CHAP20220817043542.0990614d1995 it rn 00110 fre d a78271 a79243 a925203417X a89413 cCHAP04a338.9bF44f v.312 aFAO13aLa politique des prix agricoles :ble gouvernement et le marchéc/par J. Harrigan, R. Loader, C. Thirtle aRome :bFAO,c1995. a276 p. 0aFAO. Materiales de capacitación para la planificación agrícolav; 31 aBATCH-UPDb10c20130110lUCH01h0516 aBATCH-UPDb10c20130410lUCH01h0154 aBATCH-UPDb10c20130914lUCH01h1350 aCONVERSIONb10c20130109lUCH01h134314aPolítica de precios.9904800 aHarrigan, J.9528310 aLoader, R.9673520 aThirtle, C.9112790 0aFAO. Materiales de capacitación para la planificación agrícolav; 31939620 aBK aLilia Sánchez G. cLIBRO a338.9 F44f v.31bBCcFAOd33724000728960eFAO1h95737i89413kDonaciØnsb c78271d78271 00104053708FAOaBCbBCcPP_FAOd2019-12-31fLIBROi127l0o338.9 F44f v.31p33724000728960r2019-12-31 00:00:00w2019-12-31yLIBRO